[Event "Copenhagen K41 Aabent-ch 0506"]
[Site "Copenhagen"]
[Date "2006.01.10"]
[Round "5"]
[White "Rubin, Jacob"]
[Black "Laursen, Niels Norskov"]
[Result "0-1"]
[WhiteElo "1745"]
[BlackElo "2084"]
[PlyCount "44"]
[EventDate "2005.11.15"]
[EventType "swiss"]
[EventRounds "9"]
[EventCountry "DEN"]
[SourceTitle "EXT 2023"]
[Source "ChessBase"]
[SourceDate "2022.10.05"]
[SourceVersion "1"]
[SourceVersionDate "2022.10.05"]
[SourceQuality "1"]

1. Nf3 Nf6 2. d4 g6 3. Nc3 d5 4. Bg5 Ne4 5. Nxe4 dxe4 6. Ng1 Bg7 7. c3 b6 8. Qd2 h6 9. Be3 Bb7 10. Qc2 Nd7 11. f3 Nf6 12. Bd2 0-0 13. Nh3 Re8 14. 0-0-0 Qc8 15. Nf2 e5 16. dxe5 Rxe5 17. Bf4 Ra5 18. a3 Qe6 19. Rd4 Re8 20. Nd1 c5 21. Rd6 Qe7 22. Qd2 b5 0-1